El sol tambien es una estrella /

Guardado en:
Autor Principal: Yoon, Nicola
Formato: Libro
Publicado: Buenos Aires : Sm, 2017.
Series:Sm.literatura
Materias:
Etiquetas: Agregar Etiqueta
Sin Etiquetas, Sea el primero en etiquetar este registro!
LEADER 00569nam a22001935a 4500
001 CEM.cems018729
005 20190618091937.0
008 130507s2017##################000#0#####d
003 CEMS
020 |a 9789877315783 
082 0 4 |a 813.5 
100 1 |a Yoon, Nicola 
245 1 0 |a El sol tambien es una estrella /  |c Nicola Yoon. 
260 |a Buenos Aires :  |b Sm,  |c 2017. 
300 |a 350p. ; 20cm. 
490 0 |a Sm.literatura 
600 1 4 |a 1- Yoon, Nicola 
653 |a Literatura juvenil / literatura estadounidense / 
859 |a CEMS  |b BIB. CEMS - Agricultura  |h 813.5  |i Y8  |p A3253.19  |t Ej.1